Villes de Suède A-Z - Statistiques

Statistiques générales
  • Ce quiz a été pris 31 fois
  • Le résultat moyen est 8 sur 19
Statistiques - réponses
Lettre Villes % Correct
S Stockholm / Södertälje / Sundsvall / Skövde / Skelleftea / Skara / Stenungsund / Söderhamn / Strängnäs / Sala / Staffanstorp / Skoghall / Sandviken / Svedala
100%
M Malmö / Motala / Mora / Mjölby / Mariestad / Mölnlycke / Märsta
97%
G Göteborg / Gävle / Gallivare / Gislaved / Gustavsberg
87%
U Umeå / Uppsala / Upplands Väsby / Uddevalla
71%
L Luleå / Linköping / Lund / Lidingö / Landskrona / Lindome / Ludvika / Lerum / Ljungby / Lidköping
58%
N Norrköping / Nyköping / Nybro / Nynäshamn / Nässjö / Norrtalje
55%
J Jönköping / Jordbro
45%
K Karlstad / Kalmar / Kristianstad / Karlskrona / Kumla / Köping / Kinna / Kungsbacka / Kristinehamn / Kiruna / Karlshamn / Kungälv / Katrineholm / Karlskoga
45%
V Vasteras / Växjö / Vetlanda / Västerhaninge / Västervik / Värnamo / Visby / Vänersborg / Varberg / Vallentuna
45%
H Helsingborg / Halmstad / Hollviken / Hallstahammar / Höganäs / Hudiksvall / Harnosand / Hässleholm
42%
O Orebro / Ostersund / Örnsköldsvik / Oxelösund / Onsala / Oskarshamn
42%
Y Ystad
29%
B Boras / Borlänge / Balsta / Bollnäs / Boden / Boo / Billdal
26%
F Falun / Fagersta / Finspång / Falköping / Falkenberg
19%
T Täby / Trollhättan / Tumba / Timra / Torslanda / Tranas / Trelleborg
19%
A Arboga / Arvika / Avesta / Åkersberga / Alingsås / Ängelholm
16%
E Eskilstuna / Ekero / Eslöv / Enköping
16%
P Piteå
13%
R Ronneby
3%
Aucun quiz correspondant
Distribution des résultats
% des personnes avec chaque résultat
Percentile par nombre de réponses
Votre historique - résultats
Vous n’avez pas pris ce quiz